Albanian Foreign Policy Relations with United States of America after the Cold War
Vzťahy albánskej zahraničnej politiky s USA po studenej vojne. Po studenej vojne Albánsko vyhlásilo za hlavný národný cieľ svojej medzinárodnej politiky integráciu do euroatlantických štruktúr. Rozvoj strategických vzťahov medzi Albánskom a USA po studenej vojne je rozpracované v časovom rámci, ktor...
Guardado en:
| Autor principal: | |
|---|---|
| Formato: | Capítulo de libro |
| Lenguaje: | inglés |
| Materias: | |
| Etiquetas: |
Sin Etiquetas, Sea el primero en etiquetar este registro!
|
MARC
| LEADER | 00000naa a2200000 4500 | ||
|---|---|---|---|
| 001 | 0263531 | ||
| 005 | 20200518161950.9 | ||
| 041 | 0 | |a eng | |
| 044 | |a PT | ||
| 245 | 1 | 0 | |a Albanian Foreign Policy Relations with United States of America after the Cold War |c Anton Bardhaj |
| 520 | |a Vzťahy albánskej zahraničnej politiky s USA po studenej vojne. Po studenej vojne Albánsko vyhlásilo za hlavný národný cieľ svojej medzinárodnej politiky integráciu do euroatlantických štruktúr. Rozvoj strategických vzťahov medzi Albánskom a USA po studenej vojne je rozpracované v časovom rámci, ktorý zahŕňa tri odlišné obdobia, a to: vytvorenie osobitných strategických vzťahov v rokoch 1991-1998; posilnenie strategických vzťahov v rokoch 1999-2001 a transformácia strategických vzťahov do aliancie v roku 2001 a neskôr. Vlády USA vyjadrili silnú podporu politickému a hospodárskemu prechodu Albánska a jeho snahám o euroatlantickú integráciu vrátane členstva v NATO. | ||
| 610 | 2 | 0 | |a politika zahraničná |
| 610 | 2 | 0 | |a politika medzinárodná |
| 610 | 2 | 0 | |a vzťahy medzinárodné |
| 610 | 2 | 0 | |a vzťahy politické medzinárodné |
| 610 | 2 | 0 | |a Albánsko |
| 610 | 2 | 0 | |a USA |
| 610 | 2 | 0 | |a vojna studená |
| 610 | 2 | 0 | |a demokratizácia |
| 610 | 2 | 0 | |a integrácia |
| 610 | 2 | 0 | |a NATO |
| 100 | 1 | |a Bardhaj, Anton | |